00416nam a2200121Ia 4500003000400000005001700004008004100021040001800062041000800080100004400088245012700132260003500259OSt20260120170753.0211028s2014 xx 000 0 und d cAIMIT LIBRARY aeng aChitta, Roopa; Pereira, Divya.g1216107 aStudy on customer satisfaction level among private and government sectors with the postal services offered by India post / aMangalorebDivya Pereirac2014